000 00544nam a22002177a 4500
003 UA-OsUOA
001 121314
007 ta
008 20170320b un ||||| |||| 00| 0 ukr d
100 _aМанько М.
090 _a908
_bМ24
942 _cSA
040 _aUA-OsUOA
_bfre
_cUA-OsUOA
_dUA-OsUOA
245 _a"Сіра зона" під Острогом на початку 1921 року
300 _aС.8
955 _a0
041 _afre
080 _a908
773 0 _w121313
650 7 _a908 Краєзнавство
_2UDC
999 _c407357
_d407357